Mario Kart 8 Deluxe - Ultimate Quiz - Statistics

General Stats
  • This quiz has been taken 27 times
  • The average score is 101 of 257
Answer Stats
Name of Cup Answer % Correct
Mario
85%
Boomerang DS Mario Circuit
77%
Shell GBA Mario Circuit
77%
Flower Mario Circuit
77%
Mushroom Mario Kart Stadium
77%
Shy Guy
77%
Mushroom Sweet Sweet Canyon
77%
Mushroom Water Park
77%
Baby Daisy
69%
Baby Peach
69%
Boo
69%
Bowser
69%
Daisy
69%
Green Shell
69%
Isabelle
69%
Lemmy
69%
Mushroom
69%
Peach
69%
Red Shell
69%
Rosalina
69%
Roy
69%
Spiny Shell
69%
Mushroom Thwomp Ruins
69%
Toad
69%
Yoshi
69%
Bell 3DS Koopa City / Neo Bowser City
62%
Leaf 3DS Melody Motorway / Music Park
62%
Moon 3DS Rainbow Road
62%
Golden Dash 3DS Toad Circuit
62%
Baby Mario
62%
Baby Rosalina
62%
Birdo
62%
Special Bowser's Castle
62%
Shell DS Cheep Cheep Beach
62%
Bell GBA Ribbon Road
62%
Inkling Boy
62%
Inkling Girl
62%
Kamek
62%
Koopa Troopa
62%
Larry
62%
Link
62%
Luigi
62%
Mii (Heavy)
62%
Mii (Light)
62%
Mii (Medium)
62%
Lightning N64 Rainbow Road
62%
Banana N64 Royal Raceway
62%
Shell N64 Toad's Turnpike
62%
Pauline
62%
Piranha Plant
62%
Special Rainbow Road
62%
Flower Shy Guy Falls
62%
Triforce SNES Rainbow Road
62%
Flower Toad Harbour
62%
Flower Twisted Mansion
62%
Villager
62%
Waluigi
62%
Wario
62%
Fruit Wii DK's Snowboard Cross / DK Summit
62%
Spiny Wii Rainbow Road
62%
Fruit Yoshi's Island
62%
Rock 3DS Alpine Pass / Rock Rock Mountain
54%
Lightning 3DS Piranha Plant Pipeway / Piranha Plant Slide
54%
Crossing Animal Crossing
54%
Baby Luigi
54%
Banana
54%
Bell Big Blue
54%
Special Bone Dry Dunes
54%
Diddy Kong
54%
Star Dolphin Shoals
54%
Egg Dragon Driftway
54%
Dry Bowser
54%
Lightning DS Tick Tock Clock
54%
Turnip DS Waluigi Pinball
54%
Leaf DS Wario Stadium
54%
Star Electrodrome
54%
Crossing GBA Cheese Land
54%
Crossing GCN Baby Park
54%
Acorn GCN DK Mountain
54%
Leaf GCN Sherbet Land
54%
Boomerang GCN Waluigi Stadium
54%
Egg GCN Yoshi Circuit
54%
Golden Mushroom
54%
Triforce Hyrule Circuit
54%
Triforce Ice Ice Outpost
54%
King Boo
54%
Morton
54%
Egg Mute City
54%
Leaf N64 Yoshi Valley
54%
Banana SNES Donut Plains 3
54%
Star Sunshine Airport
54%
Tanooki Mario
54%
Rock Tour London Loop
54%
Wendy
54%
Wiggler
54%
Golden Dash Wii Coconut Mall
54%
Lightning Wii Grumble Volcano
54%
Cherry Wii Koopa Cape
54%
Shell Wii Moo Moo Meadows
54%
Triforce Wii Wario's Gold Mine
54%
Banana 3DS DK Jungle
46%
Spiny 3DS Rosalina's Ice World
46%
Blooper
46%
Boomerang Flower
46%
Bullet Bill
46%
Cat Peach
46%
Special Cloudtop Cruise
46%
Dry Bones
46%
Egg Excitebike Arena
46%
Fire Flower
46%
Funky Kong
46%
Rock GBA Boo Lake
46%
Propeller GBA Snow Land
46%
Banana GCN Dry Dry Desert
46%
Iggy
46%
Ludwig
46%
Luigi's Mansion
46%
Metal
46%
Star Mount Wario
46%
Lucky Cat Ninja Hideaway
46%
Normal
46%
Peachette
46%
Petey Piranha
46%
Propeller Sky High Sundae
46%
Turnip SNES Mario Circuit 3
46%
Bell Super Bell Subway
46%
Super Star
46%
Toadette
46%
Moon Tour Berlin Byways
46%
Spiny Tour Madrid Drive
46%
Turnip Tour New York Minute
46%
Golden Dash Tour Paris Promenade
46%
Propeller Tour Sydney Sprint
46%
Lucky Cat Tour Tokyo Blur
46%
Acorn Wii Daisy Circuit
46%
Rock Wii Maple Treeway
46%
Propeller Wii Mushroom Gorge
46%
Crossing Wild Woods
46%
Bowser Junior
38%
Crazy Eight
38%
Donkey Kong
38%
Moon DS Peach Gardens
38%
Fruit GBA Riverside Park
38%
Feather GCN Daisy Cruiser
38%
Lightning
38%
Moon Merry Mountain
38%
Metal Mario
38%
Golden Dash N64 Choco Mountain
38%
Turnip N64 Kalimari Desert
38%
Pink Gold Peach
38%
Acorn Piranha Plant Cove
38%
Feather Squeaky Clean Sprint
38%
Feather Tour Athens Dash
38%
Boomerang Tour Bangkok Rush
38%
Acorn Tour Rome Avanti
38%
Boomerang Tour Singapore Speedway
38%
Cherry Tour Vancouver Velocity
38%
Feather Wii Moonview Highway
38%
Battle Course 1
31%
Coin
31%
Dragon Palace
31%
Lucky Cat DS Shroom Ridge
31%
Feather
31%
Lucky Cat GBA Sky Garden
31%
Cherry GBA Sunset Wilds
31%
Gold Mario
31%
Lakitu
31%
Monster
31%
Parachute
31%
Slick
31%
Spiny SNES Bowser's Castle 3
31%
Standard Kart
31%
Super Horn
31%
Sweet Sweet Kingdom
31%
Fruit Tour Amsterdam Drift
31%
Cherry Tour Los Angeles Laps
31%
Triple Bananas
31%
Triple Green Shells
31%
Triple Mushrooms
31%
Triple Red Shells
31%
Urchin Underpass
31%
Wuhu Town
31%
Azure Roller
23%
Battle Stadium
23%
Bob-omb
23%
Bowser Kite
23%
Lunar Colony
23%
MKTV Parafoil
23%
Paraglider
23%
Peach Parasol
23%
Standard Bike
23%
Super Glider
23%
Blue Falcon
15%
Buggybud
15%
Cloud Glider
15%
Cushion
15%
Cyber Slick
15%
Funky Monster
15%
GLA
15%
Gold Glider
15%
Gold Kart
15%
Mach 8
15%
Master Cycle
15%
Paper Glider
15%
Parafoil
15%
Pipe Frame
15%
Roller
15%
Triforce Tyres
15%
Wooden
15%
Yoshi Bike
15%
Ancient Tyres
8%
Badwagon
8%
Bounder
8%
City Tripper
8%
Comet
8%
Flame Rider
8%
GLA Wheels
8%
Gold Wheels
8%
Hylian Kite
8%
Landship
8%
Master Cycle Zero
8%
Mr Scooty
8%
Normal Blue
8%
Off-Road
8%
Plane Glider
8%
P-Wing
8%
Slim
8%
Sponge
8%
Sports Coupe
8%
Standard Quad
8%
Tanooki Kart
8%
Teddy Buggy
8%
Waddle Wing
8%
Wario Wing
8%
300 SL Roadster
0%
B Dasher
0%
Bone Rattler
0%
Button
0%
Cat Cruiser
0%
Circuit Special
0%
Crimson Slim
0%
Flower Glider
0%
Inkstriker
0%
Jet Bike
0%
Koopa Clown
0%
Leaf Tyres
0%
Prancer
0%
Retro Off-Road
0%
Splat Buggy
0%
Sport Bike
0%
Steel Driver
0%
Streetle
0%
The Duke
0%
Tri-Speeder
0%
Varmint
0%
W 25 Silver Arrow
0%
Wild Wiggler
0%
No matching quizzes found
Score Distribution
Percent of People with Each Score
Percentile by Number Answered
Your Score History
You have not taken this quiz